| 000 -LEADER |
| fixed length control field |
00472nam a22001817a 4500 |
| 008 - FIXED-LENGTH DATA ELEMENTS--GENERAL INFORMATION |
| fixed length control field |
131112b xxu||||| |||| 00| 0 alb d |
| 020 ## - INTERNATIONAL STANDARD BOOK NUMBER |
| International Standard Book Number |
9994347039 |
| 041 0# - LANGUAGE CODE |
| Language code of text/sound track or separate title |
alb |
| 080 ## - UNIVERSAL DECIMAL CLASSIFICATION NUMBER |
| Universal Decimal Classification number |
338.48 |
| Common auxiliary subdivision |
(075.8) |
| 100 1# - Rafti |
| Rafti |
Bakiu, Vjollca |
| 245 1# - TITLE STATEMENT |
| Title |
Menaxhimi i turizmit / |
| Statement of responsibility, etc |
Vjollca Bakiu |
| 260 ## - |
| -- |
Tiranë : |
| -- |
Botimet Erik ; |
| 300 ## - |
| -- |
317 f. ; |
| -- |
24 cm. |
| 505 ## - |
| -- |
Bibliografia : f. 309-310 |
| 650 #0 - |
| -- |
Menaxhimi |
| 650 #0 - |
| -- |
Tregëtia turistike |
| 942 ## - ADDED ENTRY ELEMENTS (KOHA) |
| Source of classification or shelving scheme |
|
| Item type |
Books |